Az energiahatékony passzívházak és azok sajátosságainak vizsgálata

Bibliographic Details
Main Author: Frank Szilvia
Other Authors: Fabula László
Format: Thesis
Kulcsszavak:Passzívház
Energiahatékonyság
Fenntarthatóság
Napenergia
Szén-dioxid kibocsátás
Online Access:http://dolgozattar.uni-bge.hu/14970

MARC

LEADER 00000nta a2200000 i 4500
001 dolg14970
005 20180828141957.0
008 180426suuuu hu om 000 hun d
040 |a BGE Dolgozattár Repozitórium  |b hun 
041 |a hu 
100 1 |a Frank Szilvia 
245 1 3 |a Az energiahatékony passzívházak és azok sajátosságainak vizsgálata  |c Frank Szilvia  |h [elektronikus dokumentum] 
246 1 1 |a Az energiahatékony passzívházak és azok sajátosságainak vizsgálata 
695 |a Passzívház 
695 |a Energiahatékonyság 
695 |a Fenntarthatóság 
695 |a Napenergia 
695 |a Szén-dioxid kibocsátás 
700 1 |a Fabula László  |e ths 
856 4 0 |u http://dolgozattar.uni-bge.hu/14970/1/Szakdolgozat_Frank_Szilvia_OE980Z.pdf  |z Dokumentum-elérés